Eric Liddell : (Record no. 10446)
[ view plain ]
| 000 -LEADER | |
|---|---|
| fixed length control field | 01412cam a2200385 a 4500 |
| 001 - CONTROL NUMBER | |
| control field | 39765774 |
| 003 - CONTROL NUMBER IDENTIFIER | |
| control field | OCoLC |
| 005 - DATE AND TIME OF LATEST TRANSACTION | |
| control field | 20241126110732.0 |
| 008 - FIXED-LENGTH DATA ELEMENTS--GENERAL INFORMATION | |
| fixed length control field | 980807s1998 waub c b 000 0deng |
| 010 ## - | |
| -- | 98030892 |
| 020 ## - INTERNATIONAL STANDARD BOOK NUMBER | |
| International Standard Book Number | 1576581373 |
| 020 ## - INTERNATIONAL STANDARD BOOK NUMBER | |
| International Standard Book Number | 9781576581377 |
| 035 ## - SYSTEM CONTROL NUMBER | |
| System control number | (OCoLC)39765774 |
| 040 ## - CATALOGING SOURCE | |
| Original cataloging agency | DLC |
| Transcribing agency | DLC |
| Modifying agency | BAKER |
| -- | BTCTA |
| -- | YDXCP |
| -- | OCLCG |
| 042 ## - | |
| -- | lcac |
| 043 ## - | |
| -- | a-cc--- |
| -- | e-uk-st |
| 082 ## - DEWEY DECIMAL CLASSIFICATION NUMBER | |
| Classification number | 266.0092 |
| Item number | BEN |
| 092 ## - LOCALLY ASSIGNED DEWEY CALL NUMBER (OCLC) | |
| Classification number | BIO LIDDE |
| 100 1# - MAIN ENTRY--PERSONAL NAME | |
| Personal name | Benge, Janet, |
| Dates associated with a name | 1958- |
| 9 (RLIN) | 17368 |
| 245 10 - TITLE STATEMENT | |
| Title | Eric Liddell : |
| Remainder of title | something greater than gold / |
| Statement of responsibility, etc. | by Janet and Geoff Benge |
| 260 ## - PUBLICATION, DISTRIBUTION, ETC. | |
| Place of publication, distribution, etc. | Seattle, WA : |
| Name of publisher, distributor, etc. | YWAM Pub., |
| Date of publication, distribution, etc. | 2022, 1998 |
| 300 ## - PHYSICAL DESCRIPTION | |
| Extent | 201 p. : |
| Other physical details | map ; |
| Dimensions | 21 cm |
| 490 1# - SERIES STATEMENT | |
| Series statement | Christian heroes, then & now |
| 504 ## - BIBLIOGRAPHY, ETC. NOTE | |
| Bibliography, etc. note | Includes bibliographical references (p. 201) |
| 520 ## - SUMMARY, ETC. | |
| Summary, etc. | A biography of the Scottish missionary and runner who won a gold medal in the 1924 Olympics and went on to do missionary work in China |
| 521 0# - TARGET AUDIENCE NOTE | |
| Target audience note | 6.9 |
| 600 10 - SUBJECT ADDED ENTRY--PERSONAL NAME | |
| Personal name | Liddell, Eric, |
| Dates associated with a name | 1902-1945 |
| Form subdivision | Juvenile literature |
| 9 (RLIN) | 18171 |
| 650 #0 - SUBJECT ADDED ENTRY--TOPICAL TERM | |
| Topical term or geographic name entry element | Missionaries |
| Geographic subdivision | China |
| Form subdivision | Biography |
| -- | Juvenile literature |
| 9 (RLIN) | 17371 |
| 650 #0 - SUBJECT ADDED ENTRY--TOPICAL TERM | |
| Topical term or geographic name entry element | Missionaries |
| Geographic subdivision | Scotland |
| Form subdivision | Biography |
| -- | Juvenile literature |
| 9 (RLIN) | 18172 |
| 650 #0 - SUBJECT ADDED ENTRY--TOPICAL TERM | |
| Topical term or geographic name entry element | Runners (Sports) |
| Geographic subdivision | Scotland |
| Form subdivision | Biography |
| -- | Juvenile literature |
| 9 (RLIN) | 18173 |
| 655 #0 - INDEX TERM--GENRE/FORM | |
| Genre/form data or focus term | Biography |
| 9 (RLIN) | 5066 |
| 700 1# - ADDED ENTRY--PERSONAL NAME | |
| Personal name | Benge, Geoff, |
| Dates associated with a name | 1954- |
| 9 (RLIN) | 17373 |
| 830 #0 - | |
| -- | Christian heroes, then & now |
| -- | 17374 |
| 942 ## - ADDED ENTRY ELEMENTS (KOHA) | |
| Source of classification or shelving scheme | Dewey Decimal Classification |
| Koha item type | Books |
| Withdrawn status | Lost status | Source of classification or shelving scheme | Damaged status | Not for loan | Home library | Current Library | Shelving location | Date acquired | Total checkouts | Full call number | Barcode | Date last seen | Copy number | Price effective from | Koha item type |
|---|---|---|---|---|---|---|---|---|---|---|---|---|---|---|---|
| Dewey Decimal Classification | GRACE BIBLE COLLEGE | GRACE BIBLE COLLEGE | Ministry & Mission | 2024-07-19 | 266.0092 BEN | 016971 | 2025-05-01 | c.1 | 2024-07-19 | Books |